|
|
|
|
| LEADER |
02208nam a2200481 i 4500 |
| 001 |
EBC4857531 |
| 003 |
MiAaPQ |
| 005 |
20200520144314.0 |
| 006 |
m o d | |
| 007 |
cr cnu|||||||| |
| 008 |
170606t20172017dcua o 000 0 eng d |
| 020 |
|
|
|z 9781464809965
|
| 020 |
|
|
|a 9781464809828 (e-book)
|
| 035 |
|
|
|a (MiAaPQ)EBC4857531
|
| 035 |
|
|
|a (Au-PeEL)EBL4857531
|
| 035 |
|
|
|a (CaPaEBR)ebr11383896
|
| 035 |
|
|
|a (CaONFJC)MIL1010199
|
| 035 |
|
|
|a (OCoLC)984516296
|
| 040 |
|
|
|a MiAaPQ
|b eng
|e rda
|e pn
|c MiAaPQ
|d MiAaPQ
|
| 043 |
|
|
|a a-vt---
|
| 050 |
|
4 |
|a HF1594.5
|b .V548 2017
|
| 082 |
0 |
|
|a 327.11109593
|2 23
|
| 245 |
0 |
0 |
|a Vietnam at a crossroads :
|b engaging in the next generation of global value chains /
|c Claire H. Hollweg, Tanya Smith, and Daria Taglioni, editors.
|
| 264 |
|
1 |
|a Washington, District of Columbia :
|b World Bank Publications,
|c 2017.
|
| 264 |
|
4 |
|c 2017
|
| 300 |
|
|
|a 1 online resource (241 pages) :
|b illustrations.
|
| 336 |
|
|
|a text
|2 rdacontent
|
| 337 |
|
|
|a computer
|2 rdamedia
|
| 338 |
|
|
|a online resource
|2 rdacarrier
|
| 490 |
1 |
|
|a Directions in Development;Directions in Development-Trade
|
| 588 |
|
|
|a Description based on online resource; title from PDF title page (ebrary, viewed June 6, 2017).
|
| 590 |
|
|
|a Electronic reproduction. Ann Arbor, MI : ProQuest, 2016. Available via World Wide Web. Access may be limited to ProQuest affiliated libraries.
|
| 650 |
|
0 |
|a International business enterprises
|x Government policy
|z Vietnam.
|
| 650 |
|
0 |
|a Value added
|x Government policy
|z Vietnam.
|
| 651 |
|
0 |
|a Vietnam
|x Commercial policy.
|
| 655 |
|
4 |
|a Electronic books.
|
| 700 |
1 |
|
|a Hollweg, Claire H.,
|e editor.
|
| 700 |
1 |
|
|a Smith, Tanya,
|e editor.
|
| 700 |
1 |
|
|a Taglioni, Daria,
|e editor.
|
| 776 |
0 |
8 |
|i Print version:
|t Vietnam at a crossroads : engaging in the next generation of global value chains.
|d Washington, District of Columbia : World Bank Publications, c2017
|h xxiv, 212 pages
|k Directions in development (Washington, D.C.)., Trade.
|z 9781464809965
|
| 797 |
2 |
|
|a ProQuest (Firm)
|
| 830 |
|
0 |
|a Directions in development (Washington, D.C.)., Trade.
|
| 856 |
4 |
0 |
|u https://ebookcentral.proquest.com/lib/matrademy/detail.action?docID=4857531
|z Click to View
|